[Event "Morava Region-chTA"]
[Site "Czech Republic"]
[Date "2025.01.12"]
[Round "6.7"]
[White "Vavrinek, Tomas"]
[Black "Barcik, Peter"]
[Result "1-0"]
[WhiteElo "1835"]
[BlackElo "1738"]
[PlyCount "57"]
[EventDate "2024.10.13"]
[EventType "team-tourn"]
[EventRounds "11"]
[EventCountry "CZE"]
[SourceTitle "CB16_2025"]
[SourceDate "2025.04.16"]
[SourceVersion "1"]
[SourceVersionDate "2025.04.16"]
[SourceQuality "1"]
[WhiteTeam "Dolni Benesov II"]
[BlackTeam "Hrabyne"]
[WhiteTeamCountry "CZE"]
[BlackTeamCountry "CZE"]

1. d4 d5 2. Nf3 Nc6 3. Bf4 Nf6 4. e3 a6 5. c4 Bg4 6. a3 e6 7. h3 Bh5 8. Nc3 Bd6 9. cxd5 exd5 10. Bg5 h6 11. Bxf6 gxf6 12. Nxd5 Bxa3 13. Nxc7+ Qxc7 14. Rxa3 Rd8 15. Be2 Rg8 16. Nh4 Bg6 17. Nxg6 Rxg6 18. 0-0 Qd7 19. Kh2 Ke7 20. Bg4 f5 21. Bh5 Rg7 22. Qf3 Rdg8 23. g3 Qd6 24. Rg1 Qf6 25. Qf4 Rc8 26. Rc3 Rgg8 27. Rgc1 Kd7 28. Bg4 Rxg4 29. hxg4 1-0

[Event "Morava Region-chTA"]
[Site "Czech Republic"]
[Date "2024.12.15"]
[Round "5.8"]
[White "Hadamek, Miroslav"]
[Black "Barcik, Peter"]
[Result "0-1"]
[WhiteElo "1737"]
[BlackElo "1728"]
[PlyCount "40"]
[EventDate "2024.10.13"]
[EventType "team-tourn"]
[EventRounds "11"]
[EventCountry "CZE"]
[SourceTitle "CB16_2025"]
[SourceDate "2025.04.16"]
[SourceVersion "1"]
[SourceVersionDate "2025.04.16"]
[SourceQuality "1"]
[WhiteTeam "Bruntal II"]
[BlackTeam "Hrabyne"]
[WhiteTeamCountry "CZE"]
[BlackTeamCountry "CZE"]

1. d4 Nf6 2. c4 e5 3. dxe5 Ng4 4. Nf3 Bc5 5. e3 Nc6 6. Be2 Ngxe5 7. a3 a5 8. Nc3 Nxf3+ 9. Bxf3 Ne5 10. Be2 0-0 11. b3 Re8 12. 0-0 d6 13. Bb2 c6 14. Qc2 Qh4 15. Qe4 Bg4 16. Bxg4 Nxg4 17. Qf4 Rxe3 18. Ne4 Rxe4 19. Qg3 Qxg3 20. hxg3 Re2 0-1

[Event "Morava Region-chTA"]
[Site "Czech Republic"]
[Date "2024.11.03"]
[Round "2.8"]
[White "Kubelka, Jaroslav"]
[Black "Barcik, Peter"]
[Result "0-1"]
[WhiteElo "1606"]
[BlackElo "1715"]
[PlyCount "34"]
[EventDate "2024.10.13"]
[EventType "team-tourn"]
[EventRounds "11"]
[EventCountry "CZE"]
[SourceTitle "CB16_2025"]
[SourceDate "2025.04.16"]
[SourceVersion "1"]
[SourceVersionDate "2025.04.16"]
[SourceQuality "1"]
[WhiteTeam "Fulnek"]
[BlackTeam "Hrabyne"]
[WhiteTeamCountry "CZE"]
[BlackTeamCountry "CZE"]

1. d4 d5 2. Nf3 Nf6 3. c4 c5 4. e3 Bg4 5. cxd5 Nxd5 6. Bb5+ Bd7 7. Bxd7+ Nxd7 8. 0-0 e6 9. Nc3 Nxc3 10. bxc3 Be7 11. Qa4 0-0 12. Qb3 b6 13. Ba3 Rb8 14. Rfd1 Qc7 15. Qb5 Nf6 16. Rac1 Qb7 17. Qd3 c4 0-1